| Tag |
First Indicator |
Second Indicator |
Subfields |
| LEADER |
00000cam a2200000 a 4500 |
| 001 |
in00000921981 |
| 005 |
20210515063515.0 |
| 008 |
890905s1990 paua b 10100 eng |
| 010 |
|
|
|a 89017992
|
| 020 |
|
|
|a 0803112750
|
| 035 |
|
|
|a (OCoLC)20392401
|
| 035 |
|
|
|9 AEP2562AM
|
| 040 |
|
|
|a DLC
|c DLC
|d AGL
|d OCL
|d TXA
|d UtOrBLW
|
| 049 |
|
|
|a TXAM
|c [A13325571]
|
| 050 |
0 |
0 |
|a TD426
|b .G68 1990
|
| 070 |
0 |
|
|a TD426.G68
|
| 072 |
|
0 |
|a P200
|
| 082 |
0 |
0 |
|a 628.1/61
|2 20
|
| 245 |
0 |
0 |
|a Ground water and vadose zone monitoring /
|c David M. Nielsen and A. Ivan Johnson, editors.
|
| 264 |
|
1 |
|a Philadelphia, PA :
|b ASTM,
|c [1990]
|
| 264 |
|
4 |
|c ©1990
|
| 300 |
|
|
|a 313 pages :
|b illustrations ;
|c 24 cm.
|
| 336 |
|
|
|a text
|b txt
|2 rdacontent
|
| 337 |
|
|
|a unmediated
|b n
|2 rdamedia
|
| 338 |
|
|
|a volume
|b nc
|2 rdacarrier
|
| 490 |
1 |
|
|a STP ;
|v 1053
|
| 500 |
|
|
|a Papers presented at the symposium on standards development for ground water and vadose monitoring investigations held in Albuquerque in Jan. 27-29, 1988.
|
| 504 |
|
|
|a Includes bibliographical references and index.
|
| 650 |
|
0 |
|a Groundwater
|x Quality
|x Measurement
|x Congresses.
|
| 650 |
|
0 |
|a Zone of aeration
|x Congresses.
|
| 700 |
1 |
|
|a Nielsen, David.
|
| 700 |
1 |
|
|a Johnson, A. I.
|q (Arnold Ivan),
|d 1919-2011.
|
| 710 |
2 |
|
|a ASTM Subcommittee D18.21 on Ground Water Monitoring.
|
| 710 |
2 |
|
|a American Society for Testing Materials.
|
| 830 |
|
0 |
|a ASTM special technical publication ;
|v 1053.
|
| 999 |
|
|
|a MARS
|
| 999 |
f |
f |
|s 92ec1bc3-b188-3ec9-a674-6b77b3395026
|i 57d1c9bb-1646-3d5d-9c43-6dc52d8dba60
|t 0
|
| 952 |
f |
f |
|p ric
|a Texas A&M University
|b Rellis Campus
|c Joint Library Facility
|d Remote Storage
|t 0
|e TD426 .G68 1990
|h Library of Congress classification
|i unmediated -- volume
|m A14813325571
|
| 998 |
f |
f |
|a TD426 .G68 1990
|t 0
|l Remote Storage
|